Catálogo temático : (Record no. 1531)

MARC details
000 -LÍDER
Campo Fixo de Controle 00682nam a2200205 a 4500
001 - NÚMERO DE CONTROLE
Campo de Controle 1531
003 - IDENTIFICAÇÃO DO NÚMERO DE CONTROLE
Campo de Controle BR-CuiBMT
005 - DATA E HORA DA ÚLTIMA ATUALIZAÇÃO
Campo de Controle 20231214142104.0
008 - DADOS FIXOS
Dados Fixos 231214s1996 mtb 000 0 por d
040 ## - AGÊNCIA CATALOGADORA
Código da Agência Catalogadora BR-CuiBMT
Agência que transcreveu o registro BR-CuiBMT
080 ## - Nº DA CLASSIFICAÇÃO DECIMAL UNIVERSAL
Nº edição CDU 2007
Nº Class. CDU 017
Subd. Auxiliar Comum (817.2)
090 ## - NÚMERO DE CHAMADA
Nº classificação 017(817.2)
Cutter C357
245 1# - TÍTULO PRINCIPAL
Título principal Catálogo temático :
Subtítulo coleção "Amidicis Diogo Tocantins" /
Indicação de responsabilidade organizado por Elizabeth Madureira Siqueira
260 ## - PUBLICAÇÃO, DISTRIBUIÇÃO, ETC.
Local de publicação Cuiabá :
Editora EdUFMT,
Data 1996.
300 ## - DESCRIÇÃO FÍSICA
N. páginas ou volumes 116 p.:
Dimensões 23 cm
650 ## - ASSUNTO TÓPICO
Cabeçalho tópico ou nome geográfico UFMT - Catálogo bibliográfico
650 ## - ASSUNTO TÓPICO
Cabeçalho tópico ou nome geográfico Coleção Amidicis Tocantins
Subdivisão geral Catálogos
Subdivisão geográfica Mato Grosso
700 ## - ENTRADA SECUNDÁRIA -- NOME PESSOAL
Cód. do termo explicativo org.
Nome pessoal Siqueira, Elizabeth Madureira,
Datas associadas ao nome 1947-
942 ## - ELEMENTOS DE ENTRADA ADICIONAIS (KOHA)
Fonte de classificação ou esquema de arquivamento Classificação Decimal Universal
Tipo de item do Koha Livros
Holdings
Estado: removido Estado: perdido Fonte de classificação ou esquema de arquivamento Estado: danificado Indisponível para empréstimo Localização permanente Localização atual Data de aquisição Total Checkouts Número de Chamada completo Código de barras Date last seen Número do exemplar Preço efetivo a partir de Tipo de item (Koha)
    Classificação Decimal Universal     Biblioteca da Escola Superior de Contas do TCE/MT Biblioteca da Escola Superior de Contas do TCE/MT 14/12/2023   017(817.2) C357 BIBTCEMT23120472 14/12/2023 Ex. 1 14/12/2023 Livros

Powered by Koha